| 000 | 00577nam a22001937a 4500 | ||
|---|---|---|---|
| 005 | 20250716121807.0 | ||
| 010 | _aENG-145999 | ||
| 020 |
_a9789388338226 _c350.00 |
||
| 035 | _aEN-129531 | ||
| 037 | _bDBAD | ||
| 082 |
_21 _a158.1 |
||
| 100 |
_aSharma, Aruna _983033 |
||
| 245 |
_aYou@ Game Changer Inclusive Growth/ _cAruna Sharma |
||
| 250 | _a1 | ||
| 260 |
_aBhopal _bIndra Publishing House _c2019 |
||
| 270 |
_aE-5/21, Arera Colony,Habibganj Police Station _bBhopal _e462016 _k7554059620 |
||
| 300 |
_a142p. _c21cm(Pb) |
||
| 942 |
_2ddc _cEN _mSHA _h158.1 |
||
| 999 |
_c212395 _d212395 |
||